书目信息 |
| 题名: |
建筑施工现场管理手册
|
|
| 作者: | 苏振民 编 | |
| 分册: | ||
| 出版信息: | 武汉 中国建材工业出版社 1998.10 |
|
| 页数: | 303页 | |
| 开本: | 32开 | |
| 丛书名: | ||
| 单 册: | ||
| 中图分类: | ||
| 科图分类: | ||
| 主题词: | 建筑工程--施工组织 , 建筑工程--施工计划 | |
| 电子资源: | ||
| ISBN: | 7-80090-736-8 | |
| 000 | 00632nam0 2200217 45 | |
| 001 | 9911231681 | |
| 005 | 19991123163642.4 | |
| 010 | @a7-80090-736-8@d18.00元 | |
| 100 | @a19991123d1998 km y0chiy0120 ea | |
| 101 | @achi | |
| 105 | @a z 000yy | |
| 200 | 1 | @a建筑施工现场管理手册@AJian Zhu Shi Gong Xian Chang Guan Li Shou Ce@f苏振民编@FSu Zhen Min Bian |
| 210 | @a武汉@c中国建材工业出版社@d1998.10 | |
| 215 | @a303页@d32开 | |
| 606 | 0 | @a建筑工程@x施工组织 |
| 606 | 0 | @a建筑工程@x施工计划 |
| 690 | @v3 | |
| 690 | @aTU721-62 | |
| 701 | @a苏振民@4编 | |
| 801 | @aCN@bPFTUser@c19991123 | |
| 905 | @f3@b44662-664@dTU721-62@eS545 | |
| 建筑施工现场管理手册/苏振民编.-武汉:中国建材工业出版社,1998.10 |
| 303页;32开 |
| ISBN 7-80090-736-8:18.00元 |
| ● |
| 相关链接 |
|
|
|
正题名:建筑施工现场管理手册
索取号:TU721-62/S545
 
预约/预借
| 序号 | 登录号 | 条形码 | 馆藏地/架位号 | 状态 | 备注 |
| 1 | 44662 | 200446623 | 建筑库201/404自科库 26排5列3层/ [索取号:TU721-62/S545] | 在馆 | |
| 2 | 44663 | 200446632 | 建筑库201/201建筑库 29排1列4层/ [索取号:TU721-62/S545] | 在馆 | |
| 3 | 44664 | 200446641 | 建筑库201/201建筑库 29排1列4层/ [索取号:TU721-62/S545] | 在馆 | |
| 4 | 46089 | 200460893 | 建筑库201/201建筑库 29排1列4层/ [索取号:TU721-62/S545] | 在馆 | |
| 5 | 46090 | 200460900 | 自科二线404/404自科库 11排4列2层/ [索取号:TU721-62/S545] | 在馆 | |
| 6 | 47097 | 200470971 | 建筑库201/201建筑库 29排1列4层/ [索取号:TU721-62/S545] | 在馆 | |
| 7 | 47098 | 200470980 | 自科二线404/404自科库 11排4列2层/ [索取号:TU721-62/S545] | 在馆 | |
| 8 | 47099 | 200470999 | 建筑库201/201建筑库 29排1列4层/ [索取号:TU721-62/S545] | 在馆 | |
| 9 | 47100 | 200471006 | 建筑库201/201建筑库 29排1列4层/ [索取号:TU721-62/S545] | 在馆 | |
| 10 | 47101 | 200471015 | 自科二线404/404自科库 24排6列1层/ [索取号:TU721-62/S545] | 在馆 |